Các định chế quốc gia của nền đệ nhị cộng hòa: tổ chức - điều hành

Uloženo v:
Podrobná bibliografie
Hlavní autor: Lê Văn Toàn
Médium: Kniha
Jazyk:Undetermined
Vydáno: Sài Gòn Học viện Quốc Gia Hành Chánh 1970
Témata:
Tagy: Přidat tag
Žádné tagy, Buďte první, kdo otaguje tento záznam!
Thư viện lưu trữ: Trung tâm Học liệu Trường Đại học Cần Thơ
LEADER 00627nam a2200181Ia 4500
001 CTU_26312
008 210402s9999 xx 000 0 und d
082 |a 351 
082 |b T406 
100 |a Lê Văn Toàn 
245 0 |a Các định chế quốc gia của nền đệ nhị cộng hòa: tổ chức - điều hành 
245 0 |c Lê Văn Toàn 
260 |a Sài Gòn 
260 |b Học viện Quốc Gia Hành Chánh 
260 |c 1970 
650 |a constitutional law,democracy 
904 |i Nguyễn Quang Điền, 981013 
980 |a Trung tâm Học liệu Trường Đại học Cần Thơ